<?xml version="1.0" encoding="UTF-8"?><?xml-stylesheet type="text/xsl" href="static/style.xsl"?><OAI-PMH xmlns="http://www.openarchives.org/OAI/2.0/" xmlns:xsi="http://www.w3.org/2001/XMLSchema-instance" xsi:schemaLocation="http://www.openarchives.org/OAI/2.0/ http://www.openarchives.org/OAI/2.0/OAI-PMH.xsd"><responseDate>2026-04-17T03:08:51Z</responseDate><request verb="GetRecord" identifier="oai:www.recercat.cat:11351/10662" metadataPrefix="marc">https://recercat.cat/oai/request</request><GetRecord><record><header><identifier>oai:recercat.cat:11351/10662</identifier><datestamp>2025-10-24T10:35:52Z</datestamp><setSpec>com_2072_378070</setSpec><setSpec>com_2072_378040</setSpec><setSpec>col_2072_378092</setSpec></header><metadata><record xmlns="http://www.loc.gov/MARC21/slim" xmlns:dcterms="http://purl.org/dc/terms/" xmlns:xsi="http://www.w3.org/2001/XMLSchema-instance" xmlns:doc="http://www.lyncode.com/xoai" xsi:schemaLocation="http://www.loc.gov/MARC21/slim http://www.loc.gov/standards/marcxml/schema/MARC21slim.xsd">
   <leader>00925njm 22002777a 4500</leader>
   <datafield ind2=" " ind1=" " tag="042">
      <subfield code="a">dc</subfield>
   </datafield>
   <datafield ind2=" " ind1=" " tag="720">
      <subfield code="a">Ramirez, Manuel</subfield>
      <subfield code="e">author</subfield>
   </datafield>
   <datafield ind2=" " ind1=" " tag="720">
      <subfield code="a">Codina Frutos, G.</subfield>
      <subfield code="e">author</subfield>
   </datafield>
   <datafield ind2=" " ind1=" " tag="720">
      <subfield code="a">Vergés Capdevila, Ramona</subfield>
      <subfield code="e">author</subfield>
   </datafield>
   <datafield ind2=" " ind1=" " tag="720">
      <subfield code="a">Jiménez Núñez, Susana Noris</subfield>
      <subfield code="e">author</subfield>
   </datafield>
   <datafield ind2=" " ind1=" " tag="720">
      <subfield code="a">Tortajada Bustelo, Juan Carlos</subfield>
      <subfield code="e">author</subfield>
   </datafield>
   <datafield ind2=" " ind1=" " tag="260">
      <subfield code="c">2023-11-28T07:15:15Z</subfield>
   </datafield>
   <datafield ind2=" " ind1=" " tag="260">
      <subfield code="c">2023-11-28T07:15:15Z</subfield>
   </datafield>
   <datafield ind2=" " ind1=" " tag="260">
      <subfield code="c">2023-11</subfield>
   </datafield>
   <datafield ind2=" " ind1=" " tag="520">
      <subfield code="a">Metastasis espinales o vertebrales; Comités oncológicos</subfield>
   </datafield>
   <datafield ind2=" " ind1=" " tag="520">
      <subfield code="a">Spinal or vertebral metastasis; Cancer board</subfield>
   </datafield>
   <datafield ind2=" " ind1=" " tag="520">
      <subfield code="a">Metastasis espinals o vertebrals; Comitès oncològics</subfield>
   </datafield>
   <datafield ind2=" " ind1=" " tag="520">
      <subfield code="a">Las mejoras en el diagnóstico y tratamiento del cáncer han mejorado la supervivencia. Secundariamente también aumenta el número de estos pacientes que presentan una metástasis vertebral y el número con alguna morbilidad en relación con estas metástasis. Fractura vertebral, compresión radicular o lesión medular causan un deterioro de su calidad de vida. El objetivo en el tratamiento de las mismas ha de ser el control del dolor, mantenimiento función neurológica y de la estabilidad vertebral, teniendo presente que en muchos casos será un tratamiento paliativo.&#xd;
El tratamiento de estas complicaciones presenta un enfoque multidisciplinario, radiólogos, radiólogos intervencionistas, oncólogos y radioterapeutas, cirujanos de raquis, pero también Unidad de Rehabilitación o Unidad de Dolor. Recientes trabajos muestran que un enfoque multidisciplinario de estos pacientes puede mejorar calidad de vida e incluso pronóstico.&#xd;
En el presente trabajo se realiza una revisión y lectura de la bibliografía sobre el manejo multidisciplinario de estos pacientes.</subfield>
   </datafield>
   <datafield ind2=" " ind1=" " tag="520">
      <subfield code="a">Improvements in cancer diagnosis and treatment have improved survival. Secondarily, the number of patients who present a vertebral metastasis and the number with some morbidity in relation to these metastases also increases. Vertebral fracture, root compression or spinal cord injury cause a deterioration of their quality of life.&#xd;
The objective in the treatment of the vertebral metastasis must be the control of pain, maintenance of neurological function and vertebral stability, bearing in mind that in most cases it will be a palliative treatment.&#xd;
The treatment of these complications needs a multidisciplinary approach, radiologists, interventional radiologists, oncologists and radiation therapists, spine surgeons, but also rehabilitation or pain units. Recent studies show that a multidisciplinary approach of these patients can improve quality of life and even prognosis.&#xd;
In the present article, a review and reading of the literature on the multidisciplinary management of these patients is carried out.</subfield>
   </datafield>
   <datafield ind1="8" ind2=" " tag="024">
      <subfield code="a">http://hdl.handle.net/11351/10662</subfield>
   </datafield>
   <datafield tag="653" ind2=" " ind1=" ">
      <subfield code="a">Columna vertebral - Càncer - Tractament</subfield>
   </datafield>
   <datafield tag="653" ind2=" " ind1=" ">
      <subfield code="a">Metàstasi</subfield>
   </datafield>
   <datafield tag="653" ind2=" " ind1=" ">
      <subfield code="a">DISEASES::Neoplasms::Neoplasms by Site::Bone Neoplasms::Spinal Neoplasms</subfield>
   </datafield>
   <datafield tag="653" ind2=" " ind1=" ">
      <subfield code="a">DISEASES::Neoplasms::Neoplastic Processes::Neoplasm Metastasis</subfield>
   </datafield>
   <datafield tag="653" ind2=" " ind1=" ">
      <subfield code="a">Other subheadings::Other subheadings::/therapy</subfield>
   </datafield>
   <datafield tag="653" ind2=" " ind1=" ">
      <subfield code="a">ENFERMEDADES::neoplasias::neoplasias por localización::neoplasias óseas::neoplasias de la columna vertebral</subfield>
   </datafield>
   <datafield tag="653" ind2=" " ind1=" ">
      <subfield code="a">ENFERMEDADES::neoplasias::procesos neoplásicos::metástasis neoplásica</subfield>
   </datafield>
   <datafield tag="653" ind2=" " ind1=" ">
      <subfield code="a">Otros calificadores::Otros calificadores::/terapia</subfield>
   </datafield>
   <datafield ind2="0" ind1="0" tag="245">
      <subfield code="a">Estrategias de tratamiento en la metástasis vertebral: necesidad de comités multidisciplinarios desde la perspectiva del cirujano; narración de la literatura</subfield>
   </datafield>
   <datafield ind2="0" ind1="0" tag="245">
      <subfield code="a">Treatment strategies in vertebral metastasis: need for multidisciplinary committees from the perspective of the surgeon; narration of literatura</subfield>
   </datafield>
</record></metadata></record></GetRecord></OAI-PMH>